| 000 | 01148cam a22002775a 4500 | ||
|---|---|---|---|
| 001 | 12046316 | ||
| 005 | 20161017110026.0 | ||
| 008 | 150416s2014 iaua frb 001 0 eng d | ||
| 020 | _z9780470960295 | ||
| 040 |
_aCaPaEBR _beng _epn _cCaPaEBR _dEG-ScBUE |
||
| 082 | 0 | 4 |
_a617.9676 _222 _bANE |
| 245 | 0 | 0 |
_aAnesthesia complications in the dental office / _ceditors Robert C. Bosack, Stuart Lieblich. |
| 260 |
_aAmes : _bWiley Blackwell, _c2014. |
||
| 300 |
_axvii, 346 p. : _bill. ; _c28 cm. |
||
| 500 | _aIndex : p. 339-346. | ||
| 504 | _aIncludes bibliographical references. | ||
| 590 | _aElectronic reproduction. Palo Alto, Calif. : ebrary, 2015. Available via World Wide Web. Access may be limited to ebrary affiliated libraries. | ||
| 650 | 0 |
_aAnesthesia in dentistry. _2BUEsh |
|
| 650 | 0 |
_aPostoperative care. _2BUEsh |
|
| 653 |
_bDDent _cOctober2016 |
||
| 700 | 1 |
_aBosack, Robert C., _eeditor. |
|
| 700 | 1 |
_aLieblich, Stuart E., _eeditor. |
|
| 776 | 0 | 8 |
_iPrint version: _tAnesthesia complications in the dental office. _dAmes, Iowa : Wiley Blackwell, c2015 _hxvii, 346 pages _z9780470960295 _w2015000738 |
| 797 | 2 | _aebrary. | |
| 942 | _2ddc | ||
| 999 |
_c22630 _d22602 |
||